Catalog

Record Details

Catalog Search


Search Results Showing Item 6 of 7

Available copies

  • 4 of 4 copies available at Headquarters.

Current holds

0 current holds with 4 total copies.

Location Call Number / Copy Notes Barcode Shelving Location Status Due Date
Accra Central Library 201 FIC/HOF 000002206929 Adult Fiction - EXT Available -
Dansoman Library 201 FIC/HOF 000002206936 Adult Fiction Available -
Dodowa Library 201 FIC/HOF 000002206943 Adult Fiction Available -
Tema Library 201 FIC/HOF 000002206776 Adult Fiction Available -

Record details

  • ISBN: 9781911122074
  • Physical Description: PAPERBACK
  • Publisher: CARTERTON THE GREYSTONES PRESS 2016
Subject: AUTOBIOGRAPHY
LDR 00620cam a2200205Ka 4500
00183798
003HQ
00520211125102918.0
008070101s nz er 1 eng d
020 . ‡a9781911122074
037 . ‡aBOOK AID
082 . ‡aFIC/HOF
100 . ‡aMARY HOFFMAN
245 . ‡aDAVID; THE UNAUTHORISED AUTOBIOGRAPHY
260 . ‡aCARTERTON ‡bTHE GREYSTONES PRESS ‡c2016
300 . ‡aPAPERBACK
650 . ‡aAUTOBIOGRAPHY
901 . ‡a83798 ‡bAUTOGEN ‡c83798 ‡tbiblio
Search Results Showing Item 6 of 7

Additional Resources